000 00988cam a2200229 4500
001 WB3601-09
008 000000n2000 000 0 eng u
035 _a(Sirsi) u103428
245 _aNorth-south gap hits commercial property
260 _c2000
490 _aIndependent
_v6 January 2000, 19
490 _aTimes
_v6 January 2000, 32(1)
520 _aGVA Grimley's "Survey of property trends" for the CBI showed that a fifth of the firms surveyed had increased their property holdings in the second half of 1999 compared to a tenth in the previous six months. However growth in the north, Scotland and Northern Ireland was significantly lower than that in the South and Midlands. Demand for retail property was the highest.
590 _aWB
650 _aPROPERTY PORTFOLIOS
650 _aPROPERTY HOLDINGS
650 _aECONOMIC GROWTH
650 _aNORTH SOUTH DIVIDE
650 _aCBI
690 _aPROPERTY-COMMERCIAL PROPERTY-COMMERCIAL PROPERTY MARKET
942 _n0
999 _c62143
_d62143